000 00567nam a22002297a 4500
003 UA-OsUOA
001 102957
007 ta
008 20131007b un ||||| |||| 00| 0 ukr d
100 _aКопелев Л.
090 _a82-94
_bК65
942 _cBK
040 _aUA-OsUOA
_bukr
_cUA-OsUOA
_dUA-OsUOA
245 _aУтоли моя печали
300 _a319 с.
955 _a2
041 _aukr
080 _a82-94
260 _aАрдис
_c1981
650 7 _a82 Література. Літературознавство
_2UDC
999 _c389166
_d389166